Mathematikkenntnisse - Leistungsmessung - Studierfahigkeit

Αποθηκεύτηκε σε:
Λεπτομέρειες βιβλιογραφικής εγγραφής
Κύριος συγγραφέας: Reiss, Matthias
Άλλοι συγγραφείς: Steiner, Hans-Georg
Μορφή: Βιβλίο
Γλώσσα:German
Δημοσίευση: Koln : Aulis Verlag Deubner, 1984
Σειρά:IDM-Reihe. Untersuchungen zum Mathematikunterricht ; ; 9
Θέματα:
Ετικέτες: Προσθήκη ετικέτας
Δεν υπάρχουν, Καταχωρήστε ετικέτα πρώτοι!

MARC

LEADER 00000nam a2200000 i 4500
001 1/30569
008 941103s1984 ger d
020 |a 3-7614-0781-5 
035 |l 10038602 
040 |a GR-MY-UA  |b gre  |e aacr 
041 0 |a ger 
082 0 |a 510.71 
100 1 |a Reiss, Matthias. 
245 1 0 |a Mathematikkenntnisse - Leistungsmessung - Studierfahigkeit /  |c banbherausgeber Matthias Reiss, Hans-Georg Reib 
260 |a Koln :   |b Aulis Verlag Deubner,   |c 1984 
300 |a v, 203 p.;  |c 22 cm. 
490 1 |a IDM-Reihe. Untersuchungen zum Mathematikunterricht  |v ; 9 
650 0 0 |a Mathematics  |x Study and teaching. 
700 1 |a Steiner, Hans-Georg. 
830 0 |a IDM-Reihe. Untersuchungen zum Mathematikunterricht ;  |v ; 9 
852 |a INST  |b SAMOS  |e 19941103  |h 510.71 REI  |p 005300002888  |q 005300002888  |t BK  |y 0 
901 |a BIBL3-2000-2 
909 |a Σ  |b 008275 
922 |a 3ΕΛΗ  |b 198710  |c ΤΜΗΜΑ ΜΑΘΗΜΑΤΙΚΩΝ  |d GLORY 
970 |z 2000/06/ΠΑΝΤΖΑΛΗ